000 00946nam a22002777a 4500
001 7480
003 FISKH
005 20250718150904.0
008 250718b cb ||||| |||| 00| 0 eng d
020 _a9780823989140
040 _aFISKH
_beng
_cFISKH
_dFISKH
050 _aPZ7.M71284 B
082 _a513.212
100 _aPezzimenti, Grace
245 _aThe pizza party :
_bLearning basic problem-solving skills /
_cBy Grace Pezzimenti
260 _aNew York :
_bRosen Classroom ,
_c2004.
300 _a12 pages :
_bcolor illustrations ;
_c22 cm .
505 _aG
520 _aThis eBook throws a pizza party with a twist: an easy-to-follw math lesson thrown in. Graphs and labeled photographs help readers to learn basic problem-solving skills.
521 8 _a350
_bLexile
521 8 _aG
_bRaz-Plus
650 _aSubtraction
_vFiction
650 _aProblem solving
_vFiction
942 _2ddc
_cBK
_n0
999 _c7480
_d7480